00776nam a2200241 a 450000100060000000300080000600500170001400800410003102000210007202000310009303500190012404000350014304100080017808200300018624500670021626000810028330000260036450400380039065000230042865000310045165100280048270000240051065249BD-RjUL20211209081412.0170302s19751973enk b 001 0 eng d a0903729016 (pbk) a0391003917 (paperback ed.) a(BD-RjUL)65379 aBD-RjULbengdBD-RjULcBD-RjUL aeng 223a306.0917241bANT 197501aAnthropology & the colonial encounter /cedited by Talal Asad. aLondon :bIthaca Press ;aN. J. :bHumanities Press ,cc1973 [Reprint 1975]. a281, [7] p. ;c23 cm. ancludes bibliographies and index. 0aEthnologyxHistory 0aApplied anthropology.  0aGreat BritainxColonies aAsad, Talal, edit.